Responses for show #6978 - Wednesday, January 7, 2015

Elliot Yates game 4.

Contestants

Nathan Tsoi, a program analyst from Arlington, Virginia

Rebecca Speas, a theater artist originally from Greensboro, North Carolina

Elliot Yates, an opera producer from New York, New York (whose 3-day cash winnings total $50,000)

Jeopardy! Round responses

THE $1 BILL
TV ADJECTIVES
SPANISH CLASS
THE NOVEL'S TITLE CHARACTER
"15" YEARS
OF THE NATIONAL DESIGN AWARDS
    $200 13
legal tender

Nathan
    $200 1
Special

Rebecca
    $200 3
the bell

Elliot
    $200 6
Garp

Rebecca
    $200 23
(Nathan: What is 115?)

315

ElliotNathan
    $400 17
the Great Seal

Elliot
    $400 2
(Rebecca: What is Horrible?)

Undercover

RebeccaNathan
    $400 5
teacher

Rebecca
    $400 7
Pippi Longstocking

Rebecca
    $400 22
1215

Elliot
    $600 24
(Alex: You are right, with a minute to go.)

Martha Washington

Rebecca
    $600 4
American

Nathan
    $600 14
ink

Elliot
    $600 8
Jude

Elliot
    $600 20
1715

Elliot
    $600 28
[The end-of-round signal sounds.]

MOCA (the Museum of Contemporary Art)

Nathan
    $800 27
San Francisco

Triple Stumper
    $800 9
Barefoot

Rebecca
    $800 15
a keyboard

Rebecca
    $800 10
Emma

Elliot
    $800 19
1515

Elliot
    $800 26
Blade Runner

Elliot
    $2,000 21
(Elliot: Um, who are the Secretary of the Treasury, and the Secretary of the Interior?)

the Secretary of the Treasury & the Treasurer of the United States

Elliot
    $1000 12
Dirty

Nathan
    $1000 16
(Rebecca: What are crayons?)

scissors

Rebecca
Triple Stumper
    $1000 11
Ethan Frome

Elliot
    $1000 18
1415

Rebecca
    $1000 25
Frank Gehry

Triple Stumper

Scores at the first commercial break (after clue 15):

Elliot Rebecca Nathan
$3,200 $2,400 $2,200

Scores at the end of the Jeopardy! Round:

Elliot Rebecca Nathan
$4,400 $3,000 $2,600

Double Jeopardy! Round responses

NEW YORK GOVERNORS
LERNER & LOEWE SONGS
GREEN SCENE
BIOLOGY
LAKES
"BAD" CALL
    $400 21
(Nathan: Who is Cuomo?)
(Alex: Which one?)

Mario Cuomo

Nathan
    $400 2
Guinevere

Nathan
    $400 26
fossil fuels

Elliot
    $400 6
an amoeba

Elliot
    $400 16
Lake Michigan

Elliot
    $400 11
my bad

Nathan
    $800 23
(Elliot: Who is Bloomberg?)
...
(Alex: Less than a minute now, Nathan.)

George Pataki

Elliot
Triple Stumper
    $800 8
champagne

Rebecca
    $800 27
a carbon footprint

Rebecca
    $800 5
salt

Nathan
    $800 17
(Rebecca: [*]?... What is [*]?)

Lake Baikal

Rebecca
    $800 12
(Rebecca: What is bad works?)

bad faith

RebeccaNathan
    $1200 9
Eliza Doolittle

Elliot
    $1200 25
a filter

Elliot
    $1200 1
(Nathan: What is the gizzard?)
(Alex: The gizzard?)
(Nathan: Or the gullet.)

the esophagus

RebeccaNathan
    $1200 18
the Caspian Sea

Rebecca
    $1200 13
bad cholesterol

Elliot
    $1600 28
[The end-of-round signal sounds.]

DeWitt Clinton

Triple Stumper
    $1600 10
little girls

Elliot
    $1600 24
photovoltaic

Nathan
    $1600 3
(Rebecca: What is a biosphere?)
(Elliot: What is... ecology?)

ecosystem

ElliotRebecca
Triple Stumper
    $1600 19
(Rebecca: What is Lake Geneva?)

Lake Lucerne

Rebecca
Triple Stumper
    $1600 14
a bad trip

Rebecca
    $2,600 7
Brigadoon

Elliot
    $2000 22
paint them white

Nathan
    $2,000 4
(Nathan: What is a ballast?)

a skeleton

Nathan
    $2000 20
Kazakhstan

Elliot
    $2000 15
(Nathan: What is bad press?)

bad publicity

Nathan
Triple Stumper

Scores at the end of the Double Jeopardy! Round:

Elliot Rebecca Nathan
$13,000 $5,400 $3,800
(lock game)

[wagering suggestions for these scores]

Final Jeopardy! Round responses

HISTORICAL NICKNAMES
(Alex: [To Rebecca] ...a reference to Margaret Thatcher.)
NathanWhat is Doober Doober?
$3,700
RebeccaWhat is the Iron Lady?
$4,600
ElliotWhat is the Iron Lady?
$2,000
the "Iron Lady"

Final scores:

Elliot Rebecca Nathan
$15,000 $10,000 $100
4-day champion: $65,000 2nd place: $2,000 3rd place: $1,000

Game dynamics:

Coryat scores:

Elliot Rebecca Nathan
$14,400 $5,400 $5,800
20 R
(including 1 DD),
3 W
(including 1 DD)
14 R,
5 W
12 R,
4 W
(including 1 DD)

Combined Coryat: $25,600

The J! Archive is created by fans, for fans. The Jeopardy! game show and all elements thereof, including but not limited to copyright and trademark thereto, are the property of Jeopardy Productions, Inc. and are protected under law. This website is not affiliated with, sponsored by, or operated by Jeopardy Productions, Inc. Join the discussion at JBoard.tv.